000 01232cam a22001934a 4500
005 20250605164335.0
008 250528s ||||||||||||||||||||||||d
035 _a23393
040 _aGR-AtMCL
_bgre
_dGR-AtMCL
_eAACR2
245 1 _aCrowdourcing./Quality of Expperience in Multimedia Content.
260 _c2016
300 _a14
520 _aIntroduction, What is Crowdsourcing? the Reason it Matters Today, Types of Crowdsourcing, Crowdfunding, Micro - Tasks, Advertising and Promotion, Crowdsource Opinion, The Advantages in today's Internet, Crowdsource and Explicit Systems, Quality of Experience and Mean Opinion Score, Explicit Systems, Evaluate, Sharing, Networking, Building Artifacts, Crowdsource Systems, Mean Opinion (MOS) for Images and Videos, Crowd MOS, Quality of Experience in Crowdsource Systems, Quality of Experience in Crowdsource Systems Regarding Videos, QoE Questionnaires, Brower Fingerprinting, Stimulus Presentation Time, Quality of Experience in Crowdsources Systems Regarding Images, a Different Approach, a Basic Design Idea, Future Work, Conclusion, References.
700 1 _aDr. I Politis
_98957
700 1 _aVelmachos Ioannis
_98958
942 _cDS
999 _c8416
_d8416